| 000 | 01225 a2200289 4500 | ||
|---|---|---|---|
| 003 | Nust | ||
| 005 | 20170207154052.0 | ||
| 010 | _a 2008042576 | ||
| 020 | _a0470405422 (cloth) | ||
| 020 | _a9780470405420 (cloth) | ||
| 035 | _a(OCoLC)ocn259716134 | ||
| 040 | _cNust | ||
| 082 | 0 | 0 | _a658.151 |
| 100 | 1 | _aSteven M. Bragg. | |
| 245 | 1 | 0 |
_aAccounting control best practices (E-Book) _cSteven M. Bragg. |
| 250 | _a2nd ed. | ||
| 260 |
_aHoboken, N.J. : _bWiley, _cc2009. |
||
| 300 |
_aviii, 295 p. : _bill. ; _c24 cm. |
||
| 490 | 1 | _a[Wiley best practices] | |
| 500 | _aIncludes index. | ||
| 500 | _aSeries from jacket. | ||
| 505 | 0 | _aIntroduction -- Controls for accounts payable best practices -- Controls for order entry, credit, and shipment best practices -- Controls for inventory management best practices -- Controls for billing best practices -- Controls for collections -- Controls for cash-handling best practices -- Controls for payroll best practices -- Controls for fixed assets best practices -- Controls for budgeting -- Controls for financial reporting. | |
| 650 | 0 | _aAccounting. | |
| 650 | 0 | _aControllership. | |
| 651 | _aAccounting control best practices (E-Book) | ||
| 830 | 0 | _aWiley best practices. | |
| 942 |
_2ddc _cBK |
||
| 999 |
_c193179 _d193179 |
||